00521cam a2200169 i 45000410013000000820017000131000017000302450045000472600042000923000015001345200045001496500010001946500013002049420007002179520110002249990017003341 ahinasan a291.172bNAI1 aNaik, Zakir,10aSimilarities between Islam and Hinduism. aNew DelhibIslamic Book Servicec2013 a72 pages ; aSimilarities between Islam and Hinduism. 0aIslam 0aHinduism cBK 00104070aHMIbHMIcGENd2025-10-22eDirectorg50.00l0o291.172 NAIp24785r2025-10-22w2025-10-22yBK c23644d23644